| 000 | 00790nam a2200217 a 4500 | ||
|---|---|---|---|
| 008 | 190122s2010 ||||||||||||||||| || u | ||
| 020 | _a9781849962049 | ||
| 050 | _aTS 192 Ema | ||
| 100 | _aMekid, Samir | ||
| 245 | 1 | 0 |
_aE-maintenance _cby Kenneth Holmberg; Adam Adgar; Aitor Arnaiz; Erkki Jantunen; Julien Mascolo and Samir Mekid |
| 260 |
_aLondon: _bSpringer _c2010 |
||
| 300 | _axxv, 511p.: ill. | ||
| 350 | _a187.87 | ||
| 650 | _aPLANT MAINTENANCE--DATA PROCESSING | ||
| 700 | _aArnaiz, Aitor | ||
| 700 | _aAdgar, Adam | ||
| 700 | _aMascolo, Julien | ||
| 700 | _aJantunen, Erkki | ||
| 700 | _aHolmberg, Kenneth | ||
| 995 |
_FCBU-MAIN LIBRARY (Kitwe) _I187.87 _M1 _UAVAILABLE _WJan 23, 2019 _ZMain Library Open Access Collection |
||
| 999 |
_c40592 _d40592 |
||